Statistiques concernant Chapitre Harry Potter 5

Cliquez ici pour prendre le quiz!

Statistiques générales

  • Ce quiz a été pris 13 fois
  • Le résultat moyen est 16 sur 38

Statistiques - réponses

Numéro de chapitreNom du chapitre% Correct
5L'ordre du Phénix
83%
1Dudley détraqué
67%
34Le département des mystères
67%
30Graup
58%
38La deuxième guerre commence
58%
17L'armée de Dumbledore
58%
23Noël dans la salle spécial
58%
412, square grimmaurd
50%
35Au-delà du voile
50%
31B.u.s.e
50%
15La grande inquisitrice de Poudlard
50%
6La noble et très ancienne maison des Black
50%
8L'audience
50%
7Le ministère de la magie
50%
12Le professeur Ombrage
50%
15A la tête de sanglier
42%
2Crises de bec
42%
3La garde rapprochée
42%
19Le lion et le serpent
42%
22L'hôpital ste mangouste pour les maladies et blessures magiques
42%
21L'œil du serpent
42%
10Luna lovegood
42%
33Lutte et Fugue
42%
16Décret d'éducation numéro vingt-quatre
33%
32Hors du feu
33%
11La nouvelle chanson du choixpeau magique
33%
27Le centaure et le cafard
33%
20Le récit de Hagrid
33%
14Percy et Patmol
33%
13Retenue douloureuse avec Dolores
33%
26Vu et imprévu
33%
28Le pire souvenir de Rogue
25%
25Le scarabée sous contrôle
25%
36Le seul qu'il est jamais craint
25%
9Les malheurs de Mrs Weasley
25%
24Occlumancie
25%
29Conseils d'orientation
17%
37La prophétie perdues
8%

Distribution des résultats

Percentile par nombre de réponses

% des personnes avec chaque résultat

Votre développement - résultats

Vous n’avez pas pris ce quiz